Tottenham Hotspur Women Squad 2024/25 - Statistics

General Stats
  • This quiz has been taken 13 times
    10 since last reset
  • The average score is 14 of 26
Answer Stats
Number Position Player % Correct
29 DEF Ashleigh Neville
83%
24 MID Drew Spence
83%
7 MID Jessica Naz
83%
6 DEF Amanda Nilden
67%
9 FWD Beth England
67%
15 DEF Clare Hunt
67%
25 MID Eveliina Summanen
67%
8 MID Hayley Raso
67%
16 MID/FWD Kit Graham
67%
1 GK Lize Kop
67%
17 FWD Martha Thomas
67%
13 FWD/MID Matilda Vinberg
67%
22 GK Rebecca Spencer
67%
2 DEF Charlotte Grant
50%
27 GK Eleanor Heeps
50%
3 DEF Ella Morris
50%
10 MID Maite Oroz
50%
5 DEF Molly Bartrip
50%
20 MID Olga Ahtinen
50%
23 (Out on loan) MID Rosella Ayane
50%
4 DEF Amy James-Turner
33%
26 GK Katelin Talbert
33%
11 MID Olivia Holdt
33%
77 MID Wang Shuang
33%
14 MID Anna Csiki
17%
21 GK Luana Bühler
17%
No matching quizzes found
Score Distribution
Percent of People with Each Score
Percentile by Number Answered
Your Score History
You have not taken this quiz since the last reset